Statistiques concernant Les 18 équipes de la Betclic Elite

Cliquez ici pour prendre le quiz!

Statistiques générales

  • Ce quiz a été pris 138 fois
  • Le résultat moyen est 13 sur 18

Statistiques - réponses

Rang non-significatifRéponse% Correct
5Monaco Basket
98%
8ASVEL - Lyon Villeurbanne
95%
12Paris Basket
93%
18Nanterre JSF 92
84%
7SIG Strasbourg
80%
9Boulogne Levallois Mets 92
78%
17JL Bourg en Bresse
78%
11Limoges CSP
78%
3Cholet Basket
77%
16BCM Gravelines Dunkerque
72%
4Le Mans MSB
67%
14JDA Dijon
66%
10SLUC Nancy
61%
13Chorale de Roanne
59%
6ESSM Le Portel
57%
1Saint Quentin SQBB
54%
2Elan Chalon
53%
15ADA Blois
52%

Distribution des résultats

Percentile par nombre de réponses

% des personnes avec chaque résultat

Votre développement - résultats

Vous n’avez pas pris ce quiz